| 000 | 00986cam a2200265 a 4500 | ||
|---|---|---|---|
| 001 | 000006966 | ||
| 005 | 20200929154031.0 | ||
| 008 | 040302s2001 pr a b 000 0bspa | ||
| 020 | _a0942347919 | ||
| 040 |
_aDO-SdBNP _bspa _cDLC _dBNPHU |
||
| 082 |
_a923.47295 _bA635R |
||
| 100 | 1 |
_aRivera Hernández, Víctor O. _919356 |
|
| 245 | 1 | 0 |
_aRamos Antonini : _buna biografía necesaria / _cVíctor Rivera Hernández ; colaboración de Rafael Cox Alomar. |
| 260 |
_aSan Juan, (Puerto Rico) : _bCentro de Estudios Avanzados de Puerto Rico y El Caribe, _c2001. |
||
| 300 |
_a94 p. : _bil. ; _c23 cm. |
||
| 490 | 1 | _aBiblioteca del centro | |
| 504 | _aIncluye referencias bibliográficas. | ||
| 600 | 1 | 0 |
_aRAMOS ANTONINI, ERNESTO, _d1898-1963 _919357 |
| 651 | 4 |
_aPuerto Rico _xPolítica Y Gobierno _ySIGLO XX _919358 |
|
| 650 | 4 |
_aLegisladores _919305 |
|
| 700 | 1 |
_aCox Alomar, Rafael. _919359 |
|
| 830 | 0 |
_aBiblioteca del centro. _919360 |
|
| 910 | _aCatalogación derivada | ||
| 049 | _aBNGR | ||
| 999 |
_c6750 _d6750 |
||